| 000 | 00967nam a22002777a 4500 | ||
|---|---|---|---|
| 999 |
_c13824 _d13824 |
||
| 003 | AR-CdUCM | ||
| 008 | 190416b ||||| |||| 00| 0 spa d | ||
| 040 |
_aMUNICIPALIDAD PROVINCIAL DEL CUSCO _cBIBLIOTECA MUNICIPAL DEL CUSCO |
||
| 041 | _hger | ||
| 082 |
_a920 / _bP77 / 1955. |
||
| 100 |
_aPopp, Georg _932378 |
||
| 245 | _alos grandes del mundo / | ||
| 260 |
_aBarcelona : _bMiguel Arimany, _c1955. |
||
| 300 |
_a663 paginas ; _bIlustraciones, _c20 cm. |
||
| 500 | _aTitulo original : Die grossen der welt | ||
| 505 | _aContenido : La prueba de Marco Millones -- Viernes, 12 de octubre -- La visión de un nuevo mar -- La gran decisión... | ||
| 650 |
_aJames Cook _932379 |
||
| 650 |
_aMarco Polo _912974 |
||
| 650 |
_aCristobal Colon _914110 |
||
| 700 |
_aArtadi, Vicente de _932380 |
||
| 700 |
_aArago, Antonio _932381 |
||
| 700 |
_aBoadella, Ricardo _932382 |
||
| 700 |
_aScholtz, Victor _932383 |
||
| 942 |
_2ddc _cLIBROS |
||
| 945 |
_awnts _d201-04-16 |
||